000 02009nam0a2200421 4500
001 RU\NLR\bibl\28426
005 20250615021613.0
010 _a5-8029-0065-2
_95000
021 _aRU
_b98-25538п
_9823
035 _a(NLR Aleph) 000027689
090 _a135629
_c135629
100 _a19990519d1998 |||y0rusy50 ca
101 0 _arus
102 _aRU
105 _aac z 00|zd
200 1 _aМирабо
_f[В. Васильев]
205 _a2-е изд.
210 _aЧелябинск
_cУрал LTD
_d1998
215 _a496 с.
_cил., портр.
_d21
225 1 _aЖизнь замечательных людей
_eБиографическая библиотека Ф. Павленкова
_vТ. 14
225 1 _aБиографическая серия, 1890-1915
300 _aНа обл. только загл. 2-й сер. На суперобл. загл. 1-й сер.: Библиотека Флорентия Павленкова.
320 _aБиблиогр. в конце очерков
423 0 _12001#$aМеттерних$f[Х.Г. Инсаров]
_tМеттерних
423 0 _12001#$aФранклин$f[Я.В. Абрамов]
_tФранклин
423 0 _12001#$aВашингтон$f[В. Чепинский]
_tВашингтон
423 0 _12001#$aЛинкольн$eБиогр. повествования$f[А. Каменский$gСост., общ. ред. Н.Ф. Болдырева$gПослесл. А.Ф. Арендаря]
_tЛинкольн
600 1 _aМирабо
_bО. Г.Р.
_f1749-1791
_gОноре Габриель Рикетти
_2psbo
606 0 _aБиографии
_92079986
_3RU\NLR\auth\661255890
686 _aТ3(0)0-8я44
700 1 _aБерви
_bВ. В.
_f1829-1918
_gВасилий Васильевич
_4070
702 1 _aБолдырев
_bН. Ф.
_gНиколай Федорович
_4220
801 0 _aRU
_bNLR
_c19990519
_gPSBO
801 1 _aRU
_bNLR
_c19990519
852 _aNLR
_j99-3/3684
942 _cBOOK
980 _aNB